000 01154nam a2200277 a 4500
001 16184
003 BD-RjUL
005 20211208235954.0
008 170320s1960 uk go 000 0 eng u
035 _a(BD-RjUL)16239
040 _aMIGCL
_beng
_cMIGCL
_erda
_dBD-RjUL
041 _aeng
082 _223
_a327
_bROS 1960
110 1 _aRoyal Institute of International Affairs
_9233578
245 1 0 _aSurvey of international affairs 1955-1956 /
_c Royal Institute of International Affairs ; by Geoffrey Barraclough and Rachel F. Wall
264 1 _aLondon :
_bOxford University Press,
_c1960.
300 _aviii, 327 p. ;
_c24 cm.
500 _a"Issued under the auspices of the Royal Institute of International Affairs"
504 _aIncludes Index
650 1 0 _aInternational relations.
_9233579
650 1 0 _aWorld politics.
_9233580
700 1 _aBarraclough, Geoffrey
_9233581
700 1 _aWall, Rachel F. , jt. auth.
_9233582
942 _2ddc
_cRAR
999 _c16184
_d16184